Vertebrates; (Record no. 6100)

MARC details
000 -LEADER
fixed length control field 00563nam a22002057a 4500
003 - CONTROL NUMBER IDENTIFIER
control field OSt
005 - DATE AND TIME OF LATEST TRANSACTION
control field 20180424152643.0
008 - FIXED-LENGTH DATA ELEMENTS--GENERAL INFORMATION
fixed length control field 180424b xxu||||| |||| 00| 0 eng d
020 ## - INTERNATIONAL STANDARD BOOK NUMBER
International Standard Book Number 9780071086554
040 ## - CATALOGING SOURCE
Transcribing agency DDC.
082 ## - DEWEY DECIMAL CLASSIFICATION NUMBER
Classification number 596KAR 2012
100 ## - MAIN ENTRY--PERSONAL NAME
Personal name Kardong,V.Kenneth;
9 (RLIN) 12627
245 ## - TITLE STATEMENT
Title Vertebrates;
Remainder of title omparative Anatomy ,function ,evolution;
250 ## - EDITION STATEMENT
Edition statement 6th ed.
260 ## - PUBLICATION, DISTRIBUTION, ETC. (IMPRINT)
Place of publication, distribution, etc. New York,McGraw Hill;2012.
300 ## - PHYSICAL DESCRIPTION
Extent xix,797p;
Other physical details ill:
Dimensions 26cm.
504 ## - BIBLIOGRAPHY, ETC. NOTE
Bibliography, etc includes Appendix, Credits and index.
650 ## - SUBJECT ADDED ENTRY--TOPICAL TERM
Topical term or geographic name as entry element Biology.
9 (RLIN) 5602
942 ## - ADDED ENTRY ELEMENTS (KOHA)
Source of classification or shelving scheme Dewey Decimal Classification
Koha item type Open Shelf
Holdings
Withdrawn status Lost status Source of classification or shelving scheme Damaged status Not for loan Home library Current library Date acquired Source of acquisition Inventory number Total Checkouts Full call number Barcode Date last seen Price effective from Koha item type Date last checked out
    Dewey Decimal Classification     MUST Main Library MUST Main Library 24/04/2018   12/35790   596KAR 2012 2018-0249 24/04/2018 24/04/2018 Open Shelf  
    Dewey Decimal Classification     MUST Main Library MUST Main Library 14/08/2018   12/35793   596KAR 2012 2018-0284 14/08/2018 14/08/2018 Open Shelf  
    Dewey Decimal Classification     MUST Main Library MUST Main Library 28/09/2021 Purchase 13/37117   596KAR 2012 2021-1297 28/09/2021 28/09/2021 Open Shelf  
    Dewey Decimal Classification     MUST Main Library MUST Main Library 28/09/2021 Purchase 12/35792   596KAR 2012 2021-1298 28/09/2021 28/09/2021 Open Shelf  
    Dewey Decimal Classification     MUST Main Library MUST Main Library 28/09/2021 Purchase 12/35794 1 596KAR 2012 2021-1299 11/09/2024 28/09/2021 Open Shelf 30/08/2024